| 000 | 00347nam a2200133Ia 4500 | ||
|---|---|---|---|
| 008 | 240624s9999 xx 000 0 und d | ||
| 041 | _aeng | ||
| 082 | _a332.673 BRA | ||
| 100 | _aBRAKMAN STEVEN | ||
| 245 | _aFOREIGN DIRECT INVESTMENT AND THE MULTIN | ||
| 260 |
_c2008 _aLondon _bMIT Press |
||
| 300 | _aviii, : 290 : p. : cm. ; 23 | ||
| 365 |
_c _b35 |
||
| 999 |
_c9398 _d9398 |
||